000 00723nam a2200193 4500
001 ESSALUD
007 ta
008 t2025 pe ||||| |||| 00| 0 spa d
040 _aBMG
041 _aspa
100 _aTorres Carrasco, Manuel Alberto
_eautor
_921063
245 _a¿Qué cambios trae la nueva Ley de Igualdad de Oportunidades entre mujeres y hombres?
300 _apáginas 119-121
650 _aLEGISLACIÓN
_9209
650 _aEQUIDAD DE GÉNERO
_938414
653 _aIGUALDAD DE OPORTUNIDADES
773 0 _019945
_922506
_dLima Gaceta Jurídica Editores, 2013-
_oGACIV028
_tGaceta civil & procesal civil : información especializada para abogados y jueces
_wESSALUD
_x2305-3259
942 _cARTICULOS
_e2026-02-20
_zAFC
999 _c22219
_d22219